| 000 | 01977cam a22003734i 4500 | ||
|---|---|---|---|
| 001 | 17804709 | ||
| 003 | ARRUPE | ||
| 005 | 20160111125121.0 | ||
| 008 | 130708s2013 ohu b 001 0 eng c | ||
| 010 | _a 2013027515 | ||
| 020 | _a9780821420706 (pb : alk. paper) | ||
| 020 | _a9780821444733 (electronic) | ||
| 040 |
_aIEN/DLC _beng _cIEN _erda _dDLC |
||
| 042 | _apcc | ||
| 043 | _af-nr--- | ||
| 050 | 0 | 0 |
_aRC438 _b.H43 2013 |
| 082 | 0 | 4 |
_a362.209669 _223 |
| 100 | 1 |
_aHeaton, Matthew M., _eauthor. _921460 |
|
| 245 | 1 | 0 |
_aBlack skin, white coats : _bNigerian psychiatrists, decolonization, and the globalization of psychiatry / _cMatthew M. Heaton. |
| 260 |
_aAthens _bOhio University Press _c2013 |
||
| 300 |
_ax, 249 pages ; _c23 cm. |
||
| 490 | 1 | _aNew African histories | |
| 504 | _aIncludes bibliographical references (p. 229-244) and index. | ||
| 505 | 0 | 0 |
_tIntroduction: Colonizing, decolonizing, and globalizing the history of psychiatry -- _tColonial institutions and networks of ethnopsychiatry -- _tDecolonizing psychiatric institutions and networks -- _tMentally ill Nigerian immigrants in the United Kingdom : the international dimensions of decolonizing psychiatry -- _tSchizophrenia, depression, and "brain-fag syndrome" : diagnosis and the boundaries of culture -- _tGatekeepers of the mind : psychotherapy and "traditional" healers -- _tThe paradoxes of psychoactive drugs -- _tConclusion: Nigerian psychiatrists and the globalization of psychiatry. |
| 650 | 0 |
_aPsychiatry _zNigeria _xHistory. _921461 |
|
| 650 | 0 |
_aCultural psychiatry _zNigeria. _921462 |
|
| 650 | 0 |
_aMentally ill _xCare _zNigeria _xHistory. _921463 |
|
| 650 | 0 |
_aMental illness _xTreatment _zNigeria _xHistory. _921464 |
|
| 651 | 0 |
_aNigeria _xColonial influence _xHealth aspects _xHistory. _921465 |
|
| 830 | 0 |
_aNew African histories series. _99134 |
|
| 906 |
_a7 _bcbc _corignew _d1 _eecip _f20 _gy-gencatlg |
||
| 942 |
_2lcc _cMONOGRAPH |
||
| 999 |
_c123927 _d123927 |
||